Casus de matrimonio fere quingenti quibus applicati et per quos explicat sua asserta moralia circa eandem materiam.

Detalles Bibliográficos
Autor principal: MATHARAN, M.M
Formato: Libro
Publicado: París 1893
Materias:
Colección:Banco de datos
Acervo:Biblioteca del Convento de San Pablo. Yuririahupándaro. Guanajuato
Tema general:Derecho Eclesiástico
Notas:Buena. 3D5, 10.
LEADER 00715nam a22001930004500
035 |a 35202 
036 |a 843 
100 1 |a MATHARAN, M.M. 
245 1 0 |a Casus de matrimonio fere quingenti quibus applicati et per quos explicat sua asserta moralia circa eandem materiam. 
260 |a París  |b Victor Retaux et Filius imp.  |c 1893 
500 |a Buena. 3D5, 10. 
650 1 0 |a Derecho Eclesiástico 
949 |a CRG-CY 
959 |a Ex convento de San Pablo, Museo Regional de Yuririahpúndaro, Guanajuato  |b CCC9 
960 |a Convento San Pablo Yuririahpúndaro, Guanajuato  |b DD86 
961 |a Agustina  |b OA 
942 |c CRG-CY 
943 |g Biblioteca del Convento de San Pablo. Yuririahupándaro. Guanajuato 
999 |c 955868  |d 955868